Seoul Metropolitan Subway Line 2 Stations - Statistics

General Stats
  • This quiz has been taken 119 times
    91 since last reset
  • The average score is 30 of 53
Answer Stats
Station
Number
Station Name Transfer % Correct
203 Euljiro 3(sam)-ga(Shinhan Card) Line 3
90%
211 Seongsu Line 2
89%
211 Seongsu Line 2 (Main Line)
89%
222 Gangnam Sinbundang Line (DX Line)
84%
204 Euljiro 4(sa)-ga(BC Card) Line 5
83%
239 Hongik Univ. Gyeongui-Jungang LineAirport Railroad
81%
205 Dongdaemun History & Culture Park(DDP) Line 4Line 5
78%
201 City Hall Line 1
75%
202 Euljiro 1(il)-ga(Hana Bank)
75%
216 Jamsil(Songpa-gu Office) Line 8
73%
241 Ewha Womans Univ.
68%
228 Seoul Nat'l Univ.(Gwanak-gu Office)
67%
212 Konkuk Univ. Line 7
65%
240 Sinchon
65%
208 Wangsimni(Seongdong-gu Office) Line 5Gyeongui-Jungang Line Suin-Bundang Line
65%
217 Jamsilsaenae
62%
230 Sillim LRT Sillim Line
62%
215 Jamsilnaru(Suhyup Insurance)
60%
219 Samseong(World Trade Center Seoul)
60%
234 Sindorim Line 1Line 2 (Sinjeong Branch)
60%
234 Sindorim Line 2 (Main Line)Line 1
60%
210 Ttukseom
60%
242 Ahyeon
59%
226 Sadang Line 4
59%
223 Seoul Nat'l Univ. of Education(Court & Prosecutors' Office) Line 3
59%
238 Hapjeong(SeAH Tower) Line 6
57%
213 Guui(Gwangjin-gu Office)
56%
209 Hanyang Univ.
56%
234-4 Kkachisan Line 5
56%
224 Seocho
51%
221 Yeoksam(Centerfield)
51%
233 Daerim(Guro-gu Office) Line 7
49%
207 Sangwangsimni
49%
243 Chungjeongno(Kyonggi Univ.) Line 5
48%
237 Dangsan Line 9
48%
218 Sports Complex Line 9
48%
214 Gangbyeon(Dongseoul Bus Terminal)
46%
227 Nakseongdae(Ganggamchan)
46%
225 Bangbae(Baekseok Arts Univ.)
44%
232 Guro Digital Complex(Wonkwang Digital Univ.)
44%
231 Sindaebang
44%
206 Sindang Line 6
44%
211-4 Sinseol-dong Line 1LRT Ui-Sinseol Line
44%
236 Yeongdeungpo-gu Office Line 5
44%
235 Mullae(Kim's Eye Hospital)
43%
220 Seolleung(Acuon Savings Bank) Suin-Bundang Line
43%
229 Bongcheon
41%
211-3 Yongdu(Dongdaemun-gu Office)
40%
211-1 Yongdap
35%
211-2 Sindap
33%
234-3 Sinjeongnegeori
32%
234-1 Dorimcheon
30%
234-2 Yangcheon-gu Office
27%
No matching quizzes found
Score Distribution
Percent of People with Each Score
Percentile by Number Answered
Your Score History
You have not taken this quiz since the last reset